000 00602nas a2200205 4500
001 BR8804977
003 BR-BrBNA
005 20231205091253.0
007 ta
008 230509b bl.|||p| |||| 00| 00por d
040 _aBR-BrBNA
_bpor
_cBiblioteca Nacional de Agricultura
041 _a(Pt)
072 _aH20
100 1 _aTubelis, A.
245 1 _aA explosao do declinio nos anos 90 [fruta citrica]
650 _aDECLINIO DOS CITRUS
773 0 _tToda Fruta (Brazil)
_xISSN 0102-7166
_g(Mar 1988), v. 3(21) p. 10-15
_wBR8804977
909 _a202311
_bLúcia
_c55
_dLúcia Elande
942 _2AGRIS
_n0
_cANA
999 _c124020
_d124020